[Event "RUS-chT 11th"]
[Site "Sochi"]
[Date "2004.04.28"]
[Round "9.2"]
[White "Dreev, Alexey"]
[Black "Geller, Jakov"]
[Result "1-0"]
[WhiteElo "2689"]
[BlackElo "2489"]
[Annotator "Lutz,C"]
[PlyCount "69"]
[EventDate "2004.04.20"]
[EventType "team-tourn"]
[EventRounds "9"]
[EventCountry "RUS"]
[SourceTitle "EXT 2020"]
[Source "ChessBase"]
[SourceDate "2019.10.17"]
[SourceVersion "1"]
[SourceVersionDate "2019.10.17"]
[SourceQuality "1"]
[WhiteTeam "Norilsk Norilsky Nikel"]
[BlackTeam "Togliatti Lada"]
[WhiteTeamCountry "RUS"]
[BlackTeamCountry "RUS"]

1. d4 d5 2. c4 e6 3. Nf3 Nf6 4. Nc3 c6 5. e3 Nbd7 6. Qc2 Bd6 7. g4 $5 {Es ist
bemerkenswert, dass Alexej Dreev, der wohl weltbeste Kenner von Semi-Slawisch,
mit Weiß zum Shabalov-Angriff greift. Im weiteren Verlauf stütze ich mich auf
die Kommentare von Dreev in NEW IN CHESS 4/2004 .} Nxg4 8. Rg1 Nxh2 (8... f5 {
erscheint mir persönlich sicherer, um eine Art Stonewall zu erreichen.}) 9.
Nxh2 Bxh2 10. Rxg7 Qf6 11. Rg2 {Dies ist die Art Stellung, die der Weiße im
Shabalov-Angriff erreichen will: einen Turm auf der g-Linie,
Entwicklungsvorsprung und die Möglichkeit, mit e3-e4 die Stellung zu öffnen.} (
11. Rxh7 $6 {gewinnt kleinlich den Bauern zurück, lässt Schwarz aber Atem
holen.} a6 12. Rxh8+ Qxh8 13. e4 $2 e5 14. exd5 exd4 15. Qe4+ Ne5 16. Ne2 Bg4
17. dxc6 f5 18. cxb7 Rd8 19. Qd5 Nd3+ 20. Kd2 Rxd5 21. cxd5 Nxf2 {0-1 Shirov,
A-Piket,J/Monte Carlo 1995/CBM 46 ext (21)}) 11... Bd6 12. Bd2 (12. e4 $6 {
ist wohl etwas überstürzt.} Bf4 (12... Bb4 13. cxd5 exd5 14. exd5 cxd5 15. Rg3
h6 16. Bd2 Nb6 17. Nb5 Bxd2+ 18. Qxd2 Qd8 19. Rc1 $16 {Chabanon,J-Tischbierek,
R/Bad Endbach ;CBM 47 1995}) 13. e5 (13. exd5 $5) 13... Qh6 14. Bxf4 Qxf4 15.
Qd2 Qxd2+ 16. Kxd2 $44 b6 (16... Nf8 $5) 17. Be2 Bb7 18. cxd5 c5 $5 19. Ke3
cxd4+ 20. Kxd4 exd5 21. Bb5 Rd8 22. Rh1 Ke7 23. Bxd7 Rxd7 24. b3 Rdd8 25. Rh6
$13 {0-1 Hellsten,J-Hector,J/Malmo 1996/CBM 54/[Lutz] (52)}) 12... b6 $5 {
Dieser Zug wird von Dreev kritisiert, stattdessen wird 12...Nf8 der Vorzug
gegeben. Aber auch dann hat es Schwarz nicht leicht, da Weiß nach der langen
Rochade bereit zu e3-e4 steht.} (12... Nf8 13. O-O-O Bd7 14. Kb1 Ng6 (14...
O-O-O 15. cxd5 exd5 16. Nxd5) 15. f4 Nh4 16. Rf2 a6 17. e4 Qxd4 18. Re2 Qg7 19.
exd5 Qg6 20. Ne4 Be7 21. d6 Bd8 22. Bc3 Rg8 23. Bh3 Qh5 24. f5 Nf3 25. fxe6
fxe6 26. Bxe6 Bxe6 27. Nc5 Qxc5 28. Rxe6+ Kf8 29. Qxh7 Bg5 30. Re7 {1-0
Mozetic,D-Jovicevic,B/JUG-chT Tivat (09) ;EXP 48 1995}) (12... a6 13. O-O-O b5
14. e4 $5) 13. e4 Bf4 (13... e5 $2 14. exd5 exd4 15. Ne4 {Dreev}) 14. cxd5 exd5
(14... cxd5 15. e5 $40 {nebst Nb5 (Dreev)}) 15. exd5 Bxd2+ 16. Qxd2 Bb7 17.
O-O-O $1 $16 (17. dxc6 Bxc6 $14 {war Dreev zu wenig}) 17... cxd5 (17... O-O-O
18. Ne4 $1 Qf3 19. Rg3 Qxe4 20. Bg2 Qf5 21. dxc6 Bxc6 22. Bxc6 Kb8 23. Rf3 $40
{(Dreev)}) 18. Re1+ Kd8 19. Rg5 $1 {Der Turm wird über die 5.Reihe aktiviert.}
Rc8 20. Bh3 Rc7 (20... Rc4 $5 {ist laut Dreev zwar nicht besser, aber aktiver 
(und darum in einer praktischen Partie vorzuziehen):} 21. Qe3 Rxd4 22. Rf5 (22.
Kb1 $5 $40) 22... Qe6 $1 23. Qxd4 Qxe1+ 24. Kc2 Rf8 $13) 21. Qe3 Bc6 22. Rf5
Qh4 23. Rxf7 Kc8 24. Rg1 $1 {Der nächste weiße Turm wird eindringen und den
Druck auf den gefesselten Springer erhöhen.} h6 25. Rg6 Qh5 26. Rgg7 (26. Qg3
$1 $18 {mit der Doppeldrohung Rxc6 und Rf5 gewinnt sofort, aber Dreev ist
diese Möglichkeit erst einen Zug später aufgefallen.}) 26... Rd8 27. Qg3 $1 b5
28. Rf5 Qe8 29. Kd2 Kb7 (29... b4 30. Nxd5 Bxd5 31. Re5 $1 $18 {(Dreev)}) 30.
Qd6 $1 Rdc8 31. Rff7 b4 32. Qxb4+ Ka8 33. Qe7 Qh8 34. Qd6 Nb6 35. Qxc6+ $1 {
Ein kleiner Witz zum Abschluss. Insgesamt eine stark vorgetragene Partie von
Dreev.} (35. Qxc6+ Rxc6 36. Rxa7+ Kb8 37. Rgb7#) 1-0

[Event "Asia-ch"]
[Site "Kolkata"]
[Date "2001.08.14"]
[Round "8"]
[White "Barsov, Alexei"]
[Black "Nguyen, Anh Dung"]
[Result "1/2-1/2"]
[WhiteElo "2495"]
[BlackElo "2533"]
[Annotator "Lutz,C"]
[PlyCount "47"]
[EventDate "2001.08.09"]
[EventType "swiss"]
[EventRounds "11"]
[EventCountry "IND"]
[SourceTitle "CBM 085"]
[Source "ChessBase"]
[SourceDate "2001.11.13"]
[SourceVersion "1"]
[SourceVersionDate "2001.11.13"]
[SourceQuality "1"]

1. d4 d5 2. c4 c6 3. Nf3 Nf6 4. Nc3 e6 5. e3 Nbd7 6. Qc2 Bd6 7. g4 Bb4 {
Kramniks Zug gegen die Shabalov-Variante.} 8. Bd2 Qe7 9. Rg1 b6 10. cxd5 cxd5 (
10... exd5 $5 {verdient nähere Betrachtung, z.B.} 11. Bd3 Bb7 12. O-O-O O-O 13.
g5 Bxc3 14. Bxc3 Ne4 15. Ne5 Nxe5 16. Bxe4 dxe4 17. dxe5 c5 18. Rd6 Rad8 19.
Qd2 Rxd6 20. exd6 Qe6 21. b3 Rd8 22. Ba1 Qxd6 23. Qc3 Qg6 24. h4 h5 25. Qe5 Ba6
26. Bc3 Be2 27. Kb2 a5 28. Rc1 Kh7 29. Ka1 Bg4 30. Kb2 Rd7 31. Rc2 Bd1 32. Rc1
Be2 33. Qe8 Bb5 34. Qf8 Rd5 35. Rc2 Bd3 36. Rd2 b5 $17 {1-0 Hort,V-Zhu Chen/
Munich 2000/CBM 78 (45)}) 11. Bd3 Bb7 12. g5 Ne4 {Schwarz muss dieses
Bauernopfer bringen, will er nicht ganz passiv stehen.} (12... Bxc3 $2 13. Qxc3
Ne4 14. Qc7 Nxd2 15. Kxd2 Bc8 16. Rac1 O-O 17. a3 $16 {1-0 Barsov,A-Sandipan,C/
Dhaka 2001/CBM 82/[Lutz] (52)}) 13. Nxe4 dxe4 14. Bxe4 Rc8 15. Qb3 Bxd2+ 16.
Nxd2 Bxe4 17. Nxe4 O-O 18. Nc3 (18. Ke2 $6 f5 {Schwarz hat Spiel für den
Bauern, da der weiße König unsicher steht.} 19. Nd2 f4 20. Rac1 Rxc1 21. Rxc1
fxe3 22. Qxe3 Qd6 $44 {0-1 Markovic,M-Sedlak,N/Subotica 2000/CBM 76 (44)})
18... e5 $5 $146 {Dieser Zug sieht besser aus als das bisher bekannte 18... b5,
aber so richtig Begeisterung kommt auch nach diesem Zug nicht aus.} (18... b5
$5 19. Qxb5 Rb8 20. Qe2 Rfc8 21. Kf1 Qb4 22. Rc1 Qxb2 23. Qxb2 Rxb2 24. Kg2 $16
{1-0 Kobalija,M-Sandipan,C/Dubai 2001/CBM 83/[Lutz] (48)}) (18... f5 19. O-O-O
$16) (18... f6 19. g6 $16) 19. O-O-O (19. d5 Nc5 20. Qb5 e4 $44 {gibt Schwarz
Kompensation wegen des Feldes d3 und des unsicheren weißen Königs.}) 19... exd4
20. exd4 $6 (20. Rxd4 $5 {ist besser. Weiß braucht nur noch einen Zug (Kb1)
zur Konsolidierung. Ich sehe allerdings nicht, was Schwarz mit diesem Zug
anfangen kann, z.B.} Nc5 21. Qc2 Ne6 (21... b5 22. Nd5 $1 $18 {/\} Qe5 23. Nf6+
gxf6 24. gxf6+ Kh8 25. Qxh7+ Kxh7 26. Rh4+) 22. Rh4 g6 23. Rhg4 Rc5 24. h4 Rfc8
25. Kb1 $16) 20... Qd6 21. Kb1 Qxh2 22. Ne4 Qf4 23. f3 Rfd8 24. a3 $14 {
Weiß steht immer noch besser, da er über einen starken Ne4 und einen
Freibauern d4 verfügt. Der weiße König steht nicht unsicherer als der schwarze.
} 1/2-1/2

[Event "RUS-ch qual 57th"]
[Site "Tomsk"]
[Date "2004.05.25"]
[Round "3"]
[White "Vorobiov, Evgeny E"]
[Black "Galkin, Alexander"]
[Result "1/2-1/2"]
[WhiteElo "2552"]
[BlackElo "2602"]
[Annotator "Lutz,C"]
[PlyCount "36"]
[EventDate "2004.05.23"]
[EventType "swiss"]
[EventRounds "9"]
[EventCountry "RUS"]
[SourceTitle "CBM 102"]
[Source "ChessBase"]
[SourceDate "2004.09.23"]
[SourceVersion "1"]
[SourceVersionDate "2004.09.23"]
[SourceQuality "1"]

1. d4 d5 2. c4 e6 3. Nc3 c6 4. e3 Nf6 5. Nf3 Nbd7 6. Qc2 Bd6 7. g4 dxc4 8. Bxc4
e5 $5 9. g5 Nd5 10. Bd2 O-O $5 {Schwarz verzichtet auf den Zwischentausch auf
d4.} (10... exd4 {0-1 Radjabov,T-Shirov,A/Leon 2004/CBM 102/[Lutz] (47)}) 11.
Ne4 $146 {Weiß kann zwar auf d5 nehmen, dann erhält Schwarz jedoch
ausreichendes Gegenspiel.} (11. Nxd5 cxd5 12. Bxd5 exd4 13. O-O-O Nb6 14. Be4
Bg4 15. Kb1 (15. Nxd4 $5 Rc8 16. Bc3 Bxd1 17. Rxd1 Qxg5 18. f4 Qf6 19. Nb5 Rxc3
20. Nxc3 Bc5 21. Qd3 g6 22. Bxb7 Qe7 23. Be4 Re8 24. f5 Bb4 25. fxg6 hxg6 26.
Bxg6 Bxc3 27. bxc3 fxg6 28. Qxg6+ Kh8 29. Qh5+ {1-0 Bagirov,V-Ofstad,P/
Gladenbach 1999/EXT 2001 (29)}) 15... Bxf3 16. Bxf3 Qxg5 17. exd4 Qf6 18. Be4
h6 19. h4 Rac8 20. Qd3 Nc4 21. Bc1 Bf4 22. Bf5 Bxc1 23. Rxc1 Nd2+ 24. Ka1 Rcd8
25. d5 Qe5 26. Bh7+ Kh8 27. Qxd2 Kxh7 28. Rhd1 Rd6 29. Rc4 Rfd8 30. Rd4 Kg8 31.
a3 Qf5 32. Ka2 R8d7 33. Rd3 Kh7 34. Rd4 a6 35. Qd3 Rf6 36. f3 Qxd3 37. R1xd3
Kg8 38. d6 Kf8 39. Kb3 Ke8 40. Kc4 b6 41. a4 Rd8 42. d7+ Ke7 43. a5 Rc6+ 44.
Kb4 b5 45. f4 Rc4+ 46. Rxc4 bxc4 47. Kxc4 Rxd7 48. Rb3 Rd6 49. Kc5 Rf6 50. Rb7+
Kd8 51. Ra7 Kc8 52. b4 Kb8 53. Re7 Rxf4 54. b5 axb5 55. Kb6 Rf6+ 56. Kxb5 g5
57. hxg5 hxg5 58. a6 g4 59. Re8+ Ka7 60. Re7+ {1/2-1/2 Zhu Chen-Dominguez,L/
Wijk aan Zee 2004/CBM 99 (60)}) 11... Bc7 12. Rg1 exd4 13. Nxd4 Ne5 14. Be2 Ng6
15. O-O-O Re8 16. a3 Bh3 17. Nc3 Nb6 18. Kb1 Qc8 {Die Schlussstellung ist sehr
unklar. Zwar hat Weiß schon seinen g-Bauern bis nach g5 vorgeschoben, aber
andererseits droht Schwarz mit ...c6-c5 den Nd4 zu vertreiben.} 1/2-1/2

[Event "Moscow Aeroflot op-A"]
[Site "Moscow"]
[Date "2004.02.21"]
[Round "5"]
[White "Mamedyarov, Shakhriyar"]
[Black "Timofeev, Artyom"]
[Result "1-0"]
[WhiteElo "2646"]
[BlackElo "2578"]
[Annotator "Lutz,C"]
[PlyCount "67"]
[EventDate "2004.02.17"]
[EventType "swiss"]
[EventRounds "9"]
[EventCountry "RUS"]
[SourceTitle "CBM 100"]
[Source "ChessBase"]
[SourceDate "2004.06.01"]
[SourceVersion "1"]
[SourceVersionDate "2004.06.01"]
[SourceQuality "1"]

1. d4 d5 2. c4 e6 3. Nc3 c6 4. e3 Nf6 5. Nf3 Nbd7 6. Qc2 b6 7. Bd3 Bb7 8. O-O
Be7 9. e4 $5 {Statt des "langsamen" 9.b3 öffnet Weiß sofort die Stellung, muss
dafür aber seinen weißfeldrigen Läufer abgeben.} dxe4 10. Nxe4 Nxe4 11. Bxe4
Nf6 12. Ne5 (12. Bd3 c5 {ist bequem für Schwarz, z.B.} 13. dxc5 Bxc5 14. b4 $6
Bxb4 15. Qa4+ Qd7 16. Qxb4 Qxd3 17. Ba3 O-O-O 18. Rfe1 Bxf3 19. Re3 Qd2 20.
Rxf3 Qxb4 21. Bxb4 Rd4 $17 {0-1 Drozdovskij,Y-Smeets,J/Oropesa del Mar 1998/
EXT 2000 (51)}) 12... Rc8 (12... Qxd4 $2 13. Bxc6+ Bxc6 14. Nxc6 $36) 13. Rd1
Nxe4 14. Qxe4 O-O 15. Bf4 Ba8 {Schwarz will unmittelbar ...c6-c5 spielen.
Gemäß Maxim Notkin im NEW IN CHESS 3/2004 kam es kam es aber auch in Betracht,
einfach mit ...Qe7 und ...Rfd8 abzuwarten, da dem Weißen für einen effektiven
Angriff der weißfeldrige Läufer fehlt.} 16. Rd3 c5 17. Qe3 $5 (17. d5 exd5 18.
cxd5 Bd6 $11 {(M.Notkin)}) 17... Qe8 18. d5 exd5 19. cxd5 c4 20. Rdd1 Bd6 21.
Qg3 Qb5 $6 {Nun erlangt Weiß Angriff am Königsflügel.} (21... Rc5 $1 22. Nxc4
Bxf4 23. Qxf4 Rxd5 $11 {(M.Notkin)}) 22. Nc6 Bxf4 23. Ne7+ Kh8 24. Qxf4 {
Der eingedrungene Springer auf e7 bereitet Schwarz in Verbindung mit dem
Freibauern auf der d-Linie nun einige Probleme.} Rcd8 25. Rd2 Qc5 26. d6 Rd7 $6
(26... f5 $142 {(M.Notkin)}) 27. Rc1 b5 28. Rc3 Rfd8 29. Re3 Rxd6 $2 {Erlaubt
eine wunderschöne Widerlegung.} (29... h6 30. Qxf7) (29... Qb4 $5 {(M.Notkin)})
{[%tqu "De","Wie kommt Weiß nun zum Erfolg ?","Beachten Sie die schwache
schwarze Grundreihe.","Studieren Sie die Aljechins Partien !","e7g6","",10]}
30. Ng6+ $3 hxg6 (30... fxg6 31. Qxd6 Rxd6 32. Re8#) 31. Qh4+ Qh5 (31... Kg8
32. Qxd8+ Rxd8 33. Rxd8+ Kh7 34. Rh3+ $18) 32. Qxd8+ $1 Rxd8 33. Rxd8+ Kh7 34.
Ree8 {Schwarz wird Dame und Läufer verlieren. M.Notkin wies auf die
frappierende Ähnlichkeit zur Partie Aljechin-Colle (Paris 1925) hin, das
Studium der Klassiker lohnt sich also!} 1-0

[Event "Donetzk zt"]
[Site "Donetsk"]
[Date "1998.11.11"]
[Round "9"]
[White "Tukmakov, Vladimir B"]
[Black "Savchenko, Stanislav"]
[Result "1-0"]
[WhiteElo "2605"]
[BlackElo "2555"]
[Annotator "Lutz,C"]
[PlyCount "95"]
[EventDate "1998.11.02"]
[EventType "swiss"]
[EventRounds "11"]
[EventCountry "UKR"]
[SourceTitle "CBM 068"]
[Source "ChessBase"]
[SourceDate "1999.02.01"]
[SourceVersion "1"]
[SourceVersionDate "1999.02.01"]
[SourceQuality "1"]

1. c4 {Hecht} c6 2. Nf3 d5 3. e3 Nf6 4. Nc3 e6 5. b3 Bd6 6. Bb2 O-O 7. Qc2 Nbd7
8. Be2 a6 9. d4 b5 $6 {Mir gefällt diese Idee nicht so sehr. Aufbauten mit 8...
b6 oder ...e6-e5 sind verläßlicher.} 10. O-O bxc4 {Die schwarze Strategie ist
nicht korrekt: er öffnet die Stellung, obwohl er schlechter entwickelt ist.} (
10... Bb7 11. c5 Bc7 12. b4 a5 13. a3 e5 14. e4 $14 {1-0 Lerner,K-Cuijpers,F/
Nimes 1991/EXT 97 (62)}) 11. bxc4 dxc4 12. Na4 $1 $146 {[%mdl 8] So behält
Weiß die Initiative.} (12. Bxc4 c5 $11 {gemäß Lerner}) 12... Nb6 (12... Bb7 13.
Rfd1 $14) (12... c5 13. Rfd1 $36) 13. Nc5 $6 (13. Nxb6 $5 {gefällt mir besser.}
Qxb6 14. Ne5 Qc7 15. Bf3 $14) 13... Qe7 14. Ne5 Bxe5 $2 ({Ist} 14... Bxc5 {
wirklich so abwegig ? Der weiße Vorteil hält sich in Grenzen, z.B.} 15. dxc5 (
15. Nxc6 Qd6 16. dxc5 Qxc5) 15... Qxc5 16. Bd4 Qd6) 15. dxe5 Nfd5 16. Bd4 $16 {
Die schwachen schwarzen Felder verheißen nichts Gutes für den Nachziehenden.}
a5 17. Bxc4 Nb4 18. Qe2 Nxc4 19. Qxc4 Ba6 20. Nxa6 Nxa6 (20... Rxa6 $2 21. Bc5)
21. Qxc6 Rfc8 22. Qb5 Nb4 23. Qa4 Nc2 24. Rab1 Nxd4 25. exd4 h5 26. Rb5 Qd7 27.
Rd1 Rab8 28. Rxb8 Qxa4 29. Rxc8+ Kh7 30. Rcc1 Qxa2 31. Ra1 Qb3 32. Rdb1 Qc4 33.
Rxa5 Qxd4 34. h3 Qc3 35. Rab5 g6 36. h4 Kg7 37. g3 Qc4 38. R1b4 Qc1+ 39. Kg2
Qc6+ 40. Kh2 Kh6 41. Rb3 {Hecht: '[#] Wenn Schwarz stillhält, gruppiert Weiß
seine Türme so um, daß er unter Aufgabe des e-Bauern von der f-Linie aus, den
Bf7 zweimal angreifen kann.'} g5 (41... Kg7 {Hecht} 42. R5b4 Qc5 (42... Qd5 43.
Re3 Qd2 44. Rf4 {[%csl Rf7][%cal Re3f3]}) 43. Rf4 Qxe5 44. Rb7 {[%csl Rf7] [#]
Nach dem Fall von f7, ohne daß sich die Dame gegen die Türme opfern kann, wird
e6 so schwach, daß dieser Bauer fallen wird. Ein etwa verbleibendes
Bauernendspiel 3-2 ist für Weiß gewonnen.}) 42. hxg5+ Kxg5 43. R5b4 f5 44. exf6
Kxf6 45. Rf4+ Kg7 46. Re3 Qd5 47. Rfe4 Qf5 48. Kg1 (48. Kg1 {Hecht} Kf7 49.
Rxe6 Qxe6 50. Rxe6 Kxe6 51. Kg2 Kf5 52. Kh3 Kg5 53. f3 Kf5 54. Kh4 Kg6 55. f4
Kh6 56. f5 $18) 1-0

[Event "USA-ch"]
[Site "San Diego"]
[Date "2004.11.25"]
[Round "2"]
[White "Onischuk, Alexander"]
[Black "Becerra Rivero, Julio"]
[Result "1/2-1/2"]
[WhiteElo "2653"]
[BlackElo "2537"]
[Annotator "Lutz,C"]
[PlyCount "55"]
[EventDate "2004.11.24"]
[EventType "swiss"]
[EventRounds "9"]
[EventCountry "USA"]
[SourceTitle "CBM 105"]
[Source "ChessBase"]
[SourceDate "2005.04.11"]
[SourceVersion "1"]
[SourceVersionDate "2005.04.11"]
[SourceQuality "1"]

1. d4 d5 2. c4 c6 3. Nc3 Nf6 4. Nf3 e6 5. e3 Nbd7 6. Qc2 Bd6 7. g4 dxc4 8. Bxc4
b6 9. e4 Bb7 10. e5 c5 11. exf6 Bxf3 12. fxg7 Rg8 13. Qxh7 Nf6 14. Bb5+ Ke7 15.
Bg5 Bf4 16. Qh3 Bxh1 17. Bxf4 Qxd4 18. Qg3 Ne4 19. Qh4+ Qf6 20. g5 Qxg7 $1 $146
{Dieser Zug ist formal betrachtet eine Neuerung, jedoch wurde er (ebenso wie
die restlichen Züge) bereits von Gelfand in den Analysen zu dessen Partie
gegen Shablov angegeben. Im folgenden zitiere ich aus Gelfands Analysen im CBM
99.} (20... Qf5 $2 21. O-O-O Rad8 22. Rxd8 Kxd8 (22... Rxd8 {Gelfand} 23. Nxe4
Qxe4 24. g6+ f6 25. g8=N+ $3 Rxg8 26. Qh7+) 23. Bd3 Rxg7 24. Nxe4 (24. Qh8+ {
Gelfand} Ke7 25. Bd6+ $1 Kxd6 26. Qb8+ $1 Ke7 27. Qc7+) 24... Rh7 25. Bc7+ $1 {
1-0 Gelfand,B-Shabalov,A/Bermuda 2004/CBM 99/[Gelfand] (25)} (25. Bc7+ $1 {
Gelfand} Kxc7 26. Qg3+ e5 (26... Kc6 27. Qd6+ Kb7 28. Qd7+) 27. Nf6 $18)) 21.
O-O-O (21. Nxe4 {Gelfand} Bxe4 22. g6+ f6 23. Bd6+ Kxd6 24. Qxe4 Rad8 $1 25.
Rd1+ (25. Qc6+ Ke5) 25... Kc7 26. Qxe6 $15) 21... Rad8 $1 (21... Rh8 $2 22.
Nxe4 $3 Rxh4 (22... Rad8 23. Rxd8 Rxh4 24. Re8#) 23. Bd6+ Kd8 24. Be5+ Ke7 25.
Bxg7 Bxe4 26. Rd7+ Ke8 27. g6 $1 {/\gxf7X} fxg6 28. Rxa7+ Kd8 29. Bf6+ $18) 22.
g6+ (22. Rxh1 {Gelfand} Rh8 23. Be5 $1 (23. Qg4 Nxc3) 23... Qxe5 $1 (23... Rxh4
24. Bxg7 Nxg5 25. Be5 $1 $14) 24. Qxe4 Qxg5+ 25. f4 Qf6 26. Kb1 Kf8 $13) 22...
f6 23. Rxh1 Rh8 (23... Nxc3 {Gelfand} 24. bxc3 Qxg6 25. Be3 $16) 24. Qg4 Nxf2
25. Qf3 Nxh1 26. Bd6+ (26. Qxh1 {Gelfand} Qxg6 27. Qb7+ Kf8 28. Qxa7 $13) (26.
Qb7+ $6 {Gelfand} Kf8 27. Bd6+ Kg8 $1) 26... Kxd6 27. Qc6+ Ke5 28. Qe4+ 1/2-1/2

[Event "Hastings 00 75th"]
[Site "Hastings"]
[Date "2000.01.11"]
[Round "8"]
[White "Krush, Irina"]
[Black "Dreev, Alexey"]
[Result "1/2-1/2"]
[WhiteElo "2399"]
[BlackElo "2680"]
[Annotator "Lutz,C"]
[PlyCount "101"]
[EventDate "2000.01.04"]
[EventType "tourn"]
[EventRounds "9"]
[EventCountry "ENG"]
[EventCategory "13"]
[SourceTitle "CBM 075"]
[Source "ChessBase"]
[SourceDate "2000.04.05"]
[SourceVersion "1"]
[SourceVersionDate "2000.04.05"]
[SourceQuality "1"]

1. d4 d5 2. c4 e6 3. Nc3 c6 4. e3 Nf6 5. Nf3 Nbd7 6. Qc2 Bd6 7. b3 O-O 8. Be2
b6 9. O-O Bb7 10. Bb2 c5 11. cxd5 exd5 {Diese Art von Stellunge mit hängenden
Bauern muss Schwarz nicht sonderlich fürchten, da der Lb2 ist passiv. Vielmehr
entsteht eine Stellung, die beiden Seiten viele Möglichkeiten einräumt. Dies
wird auch durch einige hochklassige Blitzpartien in dieser Variante
demonstriert.} 12. dxc5 (12. Rad1 Rc8 13. dxc5 bxc5 14. Qf5 (14. Nh4 g6 15. Nf3
Qe7 16. Rfe1 a6 17. h3 Rfd8 18. Bf1 Bb8 19. Ne2 Ne4 20. Nf4 Ndf6 21. g3 d4 22.
Bg2 Qf8 23. Qc1 Re8 24. Qa1 Bxf4 25. exf4 a5 26. a3 Bd5 27. b4 axb4 28. axb4
Bb3 29. Rc1 Nd5 30. bxc5 Ra8 31. Qb1 Nec3 32. Bxc3 Ba2 33. Qd3 dxc3 34. Ne5
Qxc5 35. Bxd5 Bxd5 36. Rxc3 Qa5 37. Rec1 Be6 38. Ng4 Bxg4 39. hxg4 Rad8 40. Qf3
Qd5 41. Kg2 Qxf3+ 42. Kxf3 h6 43. Rc6 Kg7 44. R1c3 Rd5 45. Re3 Red8 46. Rcc3
R8d7 47. Kg2 Ra7 48. Re5 Rad7 49. Rce3 R5d6 50. f5 g5 51. Ra5 Kf6 52. Rea3 Kg7
53. Ra1 Rd4 54. Kh3 Rd2 55. Kg2 R2d4 56. R5a4 Rxa4 57. Rxa4 Rd3 58. Ra6 Rb3 {
1/2-1/2 Kramnik,V-Kasparov,G/Moscow 1998/CBM 67 ext (58)}) 14... Qe7 15. Bd3 (
15. Rfe1 Qe6 16. Qb1 h6 17. Bd3 Ne5 18. Bf5 Nxf3+ 19. gxf3 Qe5 20. f4 Qe8 21.
Bh3 Rd8 22. Bg2 Qe6 23. Ne2 Bc7 24. Ng3 Ba5 25. Re2 Ba6 26. Rc2 Bb6 27. Rcd2 d4
28. exd4 cxd4 29. Bxd4 Bxd4 30. Rxd4 Rde8 $2 {1-0 Kramnik,V-Kasparov,G/Moscow
1998/CBM 67 ext (30)} 31. Rd6 Qc8 32. Rc6 $18) 15... Rfe8 16. Rfe1 Bb8 17. Ne2
g6 18. Qg5 c4 19. Bf5 Ne4 20. Qh6 c3 21. Ba3 Qxa3 22. Bxd7 Qxa2 23. Bxe8 Rxe8
24. Rc1 Rc8 25. Nfd4 Qa5 26. f3 Nd2 27. Rc2 Bd6 28. Rec1 Bb4 29. Qh3 Rc7 30.
Qh4 Rc8 31. Qf6 Ba6 32. Nf4 Bf8 33. Qe5 Rc5 34. Qe8 Rc8 35. Qa4 Qxa4 36. bxa4
Ba3 37. Rd1 Rc5 38. h4 Bb4 39. Kf2 h6 40. Rdc1 Bc4 41. Nfe2 Bd3 42. Rxc3 Bxc3
43. Rxc3 Bc4 44. Rc2 Nb1 45. Rc1 Na3 46. Nf4 g5 47. hxg5 hxg5 48. Nh5 Ra5 49.
Ra1 Nb5 50. Nc6 Ra6 51. Nb4 Rh6 52. axb5 Rxh5 53. Rxa7 Bxb5 54. Nxd5 Rh6 55.
Ne7+ Kf8 56. Nf5 Re6 57. Nd4 Rb6 58. Ra5 Bd3 59. Rxg5 Rb2+ 60. Kg3 Bf1 61. Kh2
Rd2 62. Nf5 Rb2 63. e4 f6 64. Rg6 Kf7 65. Rg7+ Kf8 66. Kg1 Bc4 67. Rc7 Be6 68.
Ne3 Rd2 69. Rc3 Ke7 70. Kh2 Kf7 71. Kg3 Ke7 72. Kf4 Kf7 73. g3 Rd7 74. Rc6 Ke7
75. Nf5+ Kf7 76. Rb6 Rd8 77. Rb7+ Kf8 78. g4 Rd3 79. Ra7 Bxf5 80. gxf5 Rd1 81.
Kg4 Rh1 82. Rb7 Rh2 83. Rb1 Rg2+ 84. Kh5 Rg5+ 85. Kh4 Rg2 86. Re1 Ra2 87. f4
Ra4 88. Kg3 Ra3+ 89. Kg4 Ra4 90. Kf3 Ra3+ 91. Re3 Ra1 92. e5 Rf1+ 93. Ke4 Ke7
94. e6 Ke8 95. Ra3 Re1+ 96. Kf3 Rf1+ 97. Kg3 {1-0 Sokolov,I-Lautier,J/
Amsterdam 1994/CBM 43 (97)}) 12... bxc5 13. Rad1 Qe7 14. Nh4 Qe6 {Dreev weicht
von seiner eigenen Vorgängerpartie ab.} (14... Qe5 {Die Provokation von g2-g3
stellt kein Problem für Weiß dar, da er seinen Läufer nach g2 stellen kann.}
15. g3 Qe6 16. Bf3 Rfd8 17. Rfe1 Ne5 18. Bg2 Rac8 19. f4 Neg4 20. Qf5 Bf8 21.
Qxe6 fxe6 22. h3 Nh6 23. g4 Nf7 24. Kf2 Nd6 25. g5 Nfe8 26. Nf3 g6 27. Ne5 Ng7
28. Ng4 Be7 29. Na4 Ngf5 30. Rc1 c4 31. Nf6+ Kf7 32. Nxh7 Bc6 33. Nc3 Rb8 34.
Ne2 Bd7 35. Be5 cxb3 36. axb3 Rxb3 37. Nd4 Nxd4 38. Bxd4 a5 39. Rc7 Nf5 40. Bf6
{0-1 Karpov,A-Dreev,A/Moscow 1993/EXT 97 (40)}) 15. Nf5 Be5 16. Ng3 Rfe8 17.
Rfe1 Rac8 $11 {[%csl Rb4,Rc4,Rd4,Re4][%cal Yd5c4,Yd5e4,Yc5d4,Yc5b4] Die
schwarzen Figuren stehen aktiv im Zentrum, und die Bauern c5 und d5
kontrollieren viele Felder.} 18. Bf3 Bxg3 19. hxg3 Ne5 20. Ne2 ({Nach} 20. Be2
{muss Weiß mit} Nfg4 {nebst ...Qh6 rechnen.}) 20... g5 {Schwarz ergreift die
Initiative.} 21. Bxe5 Qxe5 22. Nc1 Re6 23. Nd3 Qf5 24. Rc1 Rec6 25. Qd2 Ba6 26.
Red1 h5 $2 (26... g4 27. Be2 Ne4 28. Qe1 Bxd3 29. Bxd3 Qh5 $40) 27. Nb2 Rd8 $6
(27... Qe5 28. Na4 $14 (28. Bxd5 Nxd5 29. Qxd5 Qxb2 30. Qxg5+ Rg6) (28. Nd3 $11
)) 28. e4 Qe5 29. exd5 g4 (29... Rcd6 30. Nc4 Bxc4 31. bxc4 $16) 30. Re1 $2 {
Läßt eine überraschende taktische Möglichkeit ausßer acht.} (30. Nd3 $1 Bxd3 (
30... Qf5 31. dxc6 Rxd3 32. Qa5 $18) 31. dxc6 gxf3 32. c7 Qxc7 33. Qg5+ $18)
30... Qf5 31. Be4 Nxe4 32. Rxe4 Rxd5 (32... Qxe4 $2 33. Qg5+) 33. Re8+ Kg7 34.
Qe3 Rf6 35. Nc4 Bxc4 36. bxc4 Rd3 37. Qe2 Re6 38. Rxe6 fxe6 {Nun ist ein
ausgeglichens Schwerfigurenendspiel entstanden. Der schwarze König steht offen,
aber seine Figuren sind zu aktiv, als dass er ernsthaft in Probleme geraten
könnte.} 39. Rb1 Kg6 40. Rb7 a5 41. Qb2 (41. Rb6 Kf6 42. Rxe6+ Qxe6 43. Qxd3
Qe1+ 44. Kh2 Qxf2 $11) 41... Rd4 42. Qb5 Rd8 43. Qc6 h4 44. Qc7 (44. gxh4 Rd1+
45. Kh2 Qf4+ 46. g3 Qxf2+) 44... Rd1+ 45. Kh2 hxg3+ 46. Kxg3 Rd3+ 47. f3 Rxf3+
48. gxf3 Qxf3+ 49. Kh2 Qf2+ 50. Kh1 Qf1+ 51. Kh2 1/2-1/2